Tanya Grand v Param Gill (Record no. 83316)

MARC details
000 -LEADER
fixed length control field 01266cad a22002055a 4500
001 - CONTROL NUMBER
control field E153569
008 - FIXED-LENGTH DATA ELEMENTS--GENERAL INFORMATION
fixed length control field 110808s2011 xxk 000 0 eng d
035 ## - SYSTEM CONTROL NUMBER
System control number (Sirsi) u153569
041 0# - LANGUAGE CODE
Language code of text/sound track or separate title eng
245 00 - TITLE STATEMENT
Title Tanya Grand v Param Gill
Medium [electronic resource]
260 ## - PUBLICATION, DISTRIBUTION, ETC.
Date of publication, distribution, etc. 2011
520 ## - SUMMARY, ETC.
Summary, etc. [2011] EWCA Civ 554 19 May 2011. This case relates to an appeal by a tenant, TG, against a previous award of damages against her landlord, PG. The damages were in relation to mould and damage to plasterwork caused by water ingress which had not been repaired by PG. The previous judge had discounted the damages by 90% on the basis that the damage was primarily caused by structural elements outside the responsibility of PG and that internal plasterwork is not part of the structure of a building for which PG was responsible. "Held" The plastwork does represent part of the structure of the building, and the damages were therefore increased.
590 ## - LOCAL NOTE (RLIN)
Local note KA
650 24 - SUBJECT ADDED ENTRY--TOPICAL TERM
Topical term or geographic name entry element LANDLORD AND TENANT ACT 1985
650 24 - SUBJECT ADDED ENTRY--TOPICAL TERM
Topical term or geographic name entry element GRAND V GILL
651 #4 - SUBJECT ADDED ENTRY--GEOGRAPHIC NAME
Geographic name England and Wales
Chronological subdivision 1543-
690 ## - LOCAL SUBJECT ADDED ENTRY--TOPICAL TERM (OCLC, RLIN)
Topical term or geographic name as entry element PROPERTY-LEASEHOLD PROPERTY-LANDLORD AND TENANT
856 40 - ELECTRONIC LOCATION AND ACCESS
Uniform Resource Identifier <a href="https://www.bailii.org/ew/cases/EWCA/Civ/2011/554.html">https://www.bailii.org/ew/cases/EWCA/Civ/2011/554.html</a>
Public note View the judgement free of charge at www.bailii.org
942 ## - ADDED ENTRY ELEMENTS (KOHA)
Suppress in OPAC 0
Holdings
Withdrawn status Lost status Source of classification or shelving scheme Damaged status Not for loan Home library Current library Shelving location Date acquired Total Checkouts Full call number Barcode Date last seen Copy number Price effective from Koha item type
    Dewey Decimal Classification     Virtual Virtual Online 08/08/2011   ONLINE PUBLICATION 153569-2001 06/08/2019 1 06/08/2019 Law report